Národné dejiny Slovákov a európsky integračný proces

Bibliographic Details
Main Author: Mojdis, Ján, 1955- (Author)
Format: Article
Language:Slovak
ISBN:8080681104
Subjects:

MARC

LEADER 00000nab a2200000 a 4500
001 vtls010093622
003 SK-MaSNL
005 20260304182805.0
008 100511c2002 xo r m 000 00slo
015 |a SNBRA2010/05SVKPO 
038 |a SVKPO 
040 |a SVKPOCL  |c slo  |e AACR2 
041 0 |a slo 
044 |a xo  |c SK 
080 |a 94(436.7)  |2 2001 
080 |a 304.2:323.1(=162.4)(4)  |2 2001 
080 |a 323.1(=162.4)(4)  |2 2001 
100 1 |a Mojdis, Ján,  |d 1955-  |4 aut  |9 92787 
245 1 0 |a Národné dejiny Slovákov a európsky integračný proces  |c Ján Mojdis 
504 |a Bibliogr. odkazy 
650 0 7 |a národná identita  |2 svkpocl  |9 1665 
650 0 7 |a Slováci  |x národná identita  |2 svkpocl  |9 29143 
650 0 7 |a integračný proces  |z Európa  |2 svkpocl  |9 1422737 
651 7 |a Slovensko  |x dejiny  |2 svkpocl  |9 13278 
773 0 |t Európa medzi identitou a integritou / [vedecký redaktor a zostavovateľ Marcela Gbúrová]  |d Prešov : [Prešovská univerzita ; Filozofická fakulta], 2002  |g S. 7-12  |z 8080681104 
852 |a SVKPO  |b KIS3GCP 
958 |a SK 
958 |a NB 
999 |c 3031191  |d 3033121